Macro-pedogenetical relationships and classification of tropical soils under Hevea cultivation (Record no. 62348)

MARC details
000 -LEADER
fixed length control field 00463nam a2200133Ia 4500
100 ## - MAIN ENTRY--AUTHOR NAME
Personal name Chan H Y
245 #0 - TITLE STATEMENT
Title Macro-pedogenetical relationships and classification of tropical soils under Hevea cultivation
260 ## - PUBLICATION, DISTRIBUTION, ETC. (IMPRINT)
Name of publisher Proceedings of the International Rubber Conference, Kuala Lumpur. V.3, 1975; p3-22
650 ## - SUBJECT ADDED ENTRY--TOPICAL TERM
Topical Term Hevea cultivation
650 ## - SUBJECT ADDED ENTRY--TOPICAL TERM
Topical Term Soil classification
650 ## - SUBJECT ADDED ENTRY--TOPICAL TERM
Topical Term Tropical soils
942 ## - ADDED ENTRY ELEMENTS (KOHA)
Koha item type Journals
Holdings
Withdrawn status Lost status Damaged status Not for loan Home library Current library Shelving location Date acquired Koha item type
      Journals RRII Library RRII Library Soils and agonomy 17/12/2021 Journals